Responses for Show #6357 - Tuesday, April 17, 2012

Contestants

[<< previous game]

Evan Nolan, a contract attorney from Winchester, Massachusetts

Mary Harris, a knitting store owner from Seattle, Washington

Michelle LaLonde, a law librarian from Novi, Michigan (whose 1-day cash winnings total $18,500)

[next game >>]

Jeopardy! Round responses

THEY WROTE FOR ENCYCLOPEDIA BRITANNICA
WILL SMITH MOVIES
WHAT MAKES IT GO?
COWBOY TALK
A SINGLE TREE
ENDS WITH "W"
    $200 1
radium

Evan
    $200 8
I Am Legend

Mary
    $200 21
a tailfin

Evan
    $200 4
Lincoln

Michelle
    $200 9
shallow

Michelle
    $400 2
Houdini

Mary
    $400 15
Men in Black

Michelle
    $400 22
a spring

Evan
    $400 5
Montezuma

Evan
    $400 11
a meadow

Evan
    $600 3
(Mary: What are beings? Intelligent beings?)

life

Mary
Triple Stumper
    $600 18
Independence Day

Evan
    $600 23
Diesel

Mary
    $600 6
Pebble Beach

Evan
    $600 12
tallow

Mary
    $800 16
(Edgar) Bergen

Mary
    $800 19
Hitch

Evan
    $800 24
electricity

Michelle
    $1,600 27
[The end-of-round signal sounds.]
(Alex: And that gives you $3,200 at the end of the round. You're still in third place, which means you get to go first in the Double Jeopardy! Round when we come back after this.)
[The contestants laugh as Alex realizes that the shark from clue #21 is swimming through the air behind him.]
[The sizzler clip for the week on jeopardy.com showed Alex subsequently boxing the shark in the nose.]

plug

Michelle
    $800 7
Stump

Triple Stumper
    $800 13
sallow

Mary
    $1000 17
chivalry

Evan
    $1000 20
I, Robot

Mary
    $1000 25
(Alex: Less than a minute to go now, Michelle.)

the Redstone rocket

Triple Stumper
    $1000 26
(Mary: What's a pay stake?)

a grubstake

Mary
Triple Stumper
    $1000 10
Oak

Mary
    $1000 14
billow

Triple Stumper

Scores at the first commercial break (after clue 14):

Michelle Mary Evan
$400 $2,400 $1,600

Scores at the end of the Jeopardy! Round:

Michelle Mary Evan
$3,200 $3,800 $4,600

Double Jeopardy! Round responses

PIG LATIN LATIN
(Alex: ...you must respond in Pig Latin.)
NUMERICAL TITLES
CELEBRITY NAMES
I'VE GOT 2 TICKETS TO PARADISE
PACK YOUR BAGS
WE'LL LEAVE TONIGHT
    $400 6
(Michelle: Uh, what is Homo?)
...
(Alex: That's it, yes, you have to respond in Pig Latin; Michelle forgot.)

Apienssay

MichelleMary
    $400 7
Five Weeks in a Balloon

Triple Stumper
    $400 12
Richard Burton

Mary
    $400 17
Jamaica

Mary
    $400 1
Prada

Mary
    $400 22
(Alex: And less than a minute to go now.)

the storming of the beach of Normandy (D-Day)

Michelle
    $800 8
Seven Habits of Highly Effective People

Mary
    $800 13
(Evan: What is Muriel?)
(Mary: What is Margaux?)

Mariel

MaryEvan
Triple Stumper
    $800 18
Hawaii

Michelle
    $800 2
Donna Karan

Evan
    $1200 9
(Evan: What is Six Degrees of Separation?)

Six Characters in Search of an Author

Evan
Triple Stumper
    $1200 14
Brolin

Mary
    $1200 19
Acapulco

Mary
    $1200 3
Trump

Mary
    $1200 25
[The end-of-the-round signal sounds.]

CBGB's

Michelle
    $1600 10
12 Angry Men

Triple Stumper
    $1600 15
Hulk Hogan

Evan
    $1600 20
the Côte d'Azur

Michelle
    $1600 4
(Mary: What is Samsonite?)
(Evan: What is National Tourister?)

American Tourister

MaryEvan
Triple Stumper
    $2,000 24
(Alex: Correct. They got stopped.)

Marie Antoinette

Michelle
    $2000 11
(Alex: The movie starred Elizabeth Taylor.)

BUtterfield 8

Triple Stumper
    $3,200 16
(Evan: I have no idea. Who is Kurt Cobain?)

Leonardo DiCaprio

Evan
    $2000 21
Saint Martin

Mary
    $2000 5
(Mary: What is Samson?)

Samsonite

MaryEvan
    $2000 23
Hermann Göring

Triple Stumper

Scores at the end of the Double Jeopardy! Round:

Michelle Mary Evan
$8,800 $7,400 $2,200

[wagering suggestions for these scores]

Final Jeopardy! Round responses

MUSEUMS
(Alex: About 15 million visitors in those 2 years.)
...
(Alex: It's part of the Smithsonian, [*]. We're in the Space Age!)
EvanWhat is Smithsonian Museum of American History
$2,189
MaryWhat is the Smithsonian?
$1,500
MichelleWhat is the Metropolitan Museum of Art?
$5,500
the National Air & Space Museum

Final scores:

Michelle Mary Evan
$3,300 $5,900 $11
2nd place: $2,000 New champion: $5,900 3rd place: $1,000

Game dynamics:

Coryat scores:

Michelle Mary Evan
$7,600 $7,400 $5,400
10 R
(including 2 DDs),
1 W
17 R,
5 W
12 R,
4 W
(including 1 DD)

Combined Coryat: $20,400

[game clues] [game scores] [suggest correction]

Game tape date: 2011-12-19
The J! Archive is created by fans, for fans. Scraping, republication, monetization, and malicious use prohibited; this site may use cookies and collect identifying information. See terms. The Jeopardy! game show and all elements thereof, including but not limited to copyright and trademark thereto, are the property of Jeopardy Productions, Inc. and are protected under law. This website is not affiliated with, sponsored by, or operated by Jeopardy Productions, Inc. Join the discussion at JBoard.tv.